00405nam a2200121Ia 4500008004100000245008900041260003900130260000900169300000700178650002600185650001200211856006000223170516s9999 xx 000 0 und d aSymptomatic bilateral coronary artery fistula to pulmonary artery in elderly patient bEuropean Journal of Radiology Open c2016 a3: xRadiologic Technology xRadtech uhttp://www.sciencedirect.com/science/journal/23520477/3